| 000 | 00935nam a2200241 a 4500 | ||
|---|---|---|---|
| 001 | 41359 | ||
| 003 | BD-RjUL | ||
| 005 | 20211209053355.0 | ||
| 008 | 160529s1963 bg ||||| |||| 00| 0dben d | ||
| 020 | _c: Tk. 1.50 | ||
| 035 | _a(BD-RjUL) 41476 | ||
| 040 |
_aBD-RjUL _bben _cBD-RjUL |
||
| 041 | _aben | ||
| 082 |
_223 _a297.9924 _bAZM 1963 |
||
| 100 | 1 |
_aআজাদ, আবুল কালাম _9127173 |
|
| 245 | 1 | 0 |
_aমরু কিশোরী / _cআবুল কালাম আজাদ ; অনুবাদক, নূরুদ্দীন আহমদ |
| 260 |
_aঢাকা : _bলতীফ বুক করপোরেশন, _c১৯৬৩ (হিজরী ১৩৮৩) |
||
| 300 |
_a১০৪ পৃ. ; _c১৯ সেমি. |
||
| 650 |
_aখলিফা _9125058 |
||
| 650 |
_aMuslim Saints _9118406 |
||
| 700 |
_aআহমদ, নূরুদ্দীন, অনুবাদক, _9127174 |
||
| 942 |
_2ddc _cBK |
||
| 999 |
_c41359 _d41359 |
||